Five Letter Geography - D - Statistics

General Stats
  • This quiz has been taken 76 times
  • The average score is 7 of 10
Answer Stats
Hint Answer % Correct
Capital of India: New ____ Delhi
99%
Where you'd find the Burj Khalifa Dubai
91%
Where the river meets the sea Delta
86%
Australian animal Dingo
85%
Capital of Senegal Dakar
81%
Capital of Bangladesh Dhaka
81%
Currency of Kuwait Dinar
66%
Capital of Delaware Dover
59%
Dutch coastal barriers Dykes
55%
Capital of an Indian Union Territory Daman
5%
No matching quizzes found
Score Distribution
Percent of People with Each Score
Percentile by Number Answered
Your Score History
You have not taken this quiz